000 01106nam a2200277 i 4500
001 177336
003 ES-MaACL
005 20250815121304.0
007 t|
008 110316s1975 sp af ||||1| spa d
020 _a84-256-0272-6
080 _a74 Sobrado, Pedro
080 _a75 Sobrado, Pedro
100 1 _aSobrado, Pedro (
_d1936-)
_9145662
245 1 0 _aDibujos de Sobrado /
_cpor Leopoldo Rodríguez Alcalde.
260 _aMadrid :
_bIbérico Europea de Ediciones,
_cD. L. 1975.
300 _a[40] p. :
_bprincipalmente il. bl. y n. ;
_c31 cm.
490 1 _aMaestros contemporáneos del dibujo y la pintura ;
_v40
500 _aEncuadernado con otros títulos.
597 _aEn el lomo: Zacarías González, Pedro Gastó, Baeza, Miguel Villà, Benet, García Llort, Joan Brotat, Mariano Peláez, Ginés Parra, Sobrado.
600 0 4 _aSobrado, Pedro (
_d1936-)
_9145662
700 0 _aRodríguez Alcalde, Leopoldo.
_998327
830 0 0 _aMaestros contemporáneos del dibujo y la pintura
_v40
_9190405
852 _aES-MaACL
_jE-14689 (10)
_xOlim P-1071
999 _c177336
_d177336